[Event "Las Palmas Insular-chT Primera-A 1617"]
[Site "Las Palmas"]
[Date "2016.12.03"]
[Round "6.1"]
[White "Sosa Suarez, Carla Cristina"]
[Black "Sanabria Taskila, Daniel Kristia"]
[Result "1-0"]
[WhiteElo "1903"]
[BlackElo "1648"]
[PlyCount "59"]
[EventDate "2016.10.22"]
[EventType "team-tourn"]
[EventRounds "14"]
[EventCountry "ESP"]
[SourceTitle "EXT 2018"]
[Source "ChessBase"]
[SourceDate "2017.10.13"]
[SourceVersion "1"]
[SourceVersionDate "2017.10.13"]
[SourceQuality "1"]
[WhiteTeam "Sociedad La Montana II"]
[BlackTeam "Telde Los Llanos II"]
[WhiteTeamCountry "ESP"]
[BlackTeamCountry "ESP"]

1. e4 c6 2. d4 d5 3. e5 Bf5 4. Nc3 e6 5. g4 Bg6 6. Nge2 Nd7 7. Nf4 Ne7 8. Be3 a6 9. h4 h5 10. Nxg6 Nxg6 11. g5 c5 12. f4 cxd4 13. Qxd4 Bc5 14. Qd2 Bxe3 15. Qxe3 Ndxe5 16. 0-0-0 Ng4 17. Qf3 Qb6 18. Re1 0-0-0 19. f5 N6e5 20. Qf4 d4 21. Rxe5 Nxe5 22. Qxe5 dxc3 23. Qxc3+ Kb8 24. Bd3 Qe3+ 25. Kb1 exf5 26. Re1 Qd4 27. Qb3 Qxh4 28. Rc1 Qg3 29. Qxf7 f4 30. Be4 1-0

[Event "Canarias-ch U18"]
[Site "Vecindario"]
[Date "2016.05.29"]
[Round "4.8"]
[White "Yingrui, Lin"]
[Black "Sanabria Taskila, Daniel Kristia"]
[Result "1-0"]
[WhiteElo "1880"]
[BlackElo "1756"]
[PlyCount "173"]
[EventDate "2016.05.27"]
[EventType "swiss"]
[EventRounds "6"]
[EventCountry "ESP"]
[SourceTitle "EXT 2024"]
[Source "ChessBase"]
[SourceDate "2023.10.10"]
[SourceVersion "1"]
[SourceVersionDate "2023.10.10"]
[SourceQuality "1"]

1. d4 Nf6 2. c4 e6 3. Nc3 Bb4 4. Qc2 b6 5. f3 c5 6. e3 0-0 7. Bd3 Ba6 8. Nge2 Nc6 9. a3 Bxc3+ 10. Qxc3 d6 11. b4 Bb7 12. 0-0 Rc8 13. dxc5 dxc5 14. b5 Ne7 15. Rd1 Qc7 16. e4 Ng6 17. Bb2 e5 18. a4 Qe7 19. Ng3 Rfe8 20. Bf1 Rcd8 21. Nf5 Qf8 22. Ne3 h5 23. a5 h4 24. axb6 axb6 25. Rxd8 Rxd8 26. Ra7 Rd7 27. Nd5 Qd6 28. Qd3 Qb8 29. Nxf6+ gxf6 30. Qxd7 Qxa7 31. Qc7 Kg7 32. Bc1 Nf8 33. Be3 Ne6 34. Qe7 Qa3 35. Bf2 Bc8 36. Bxh4 Qe3+ 37. Bf2 Qd2 38. Qa7 Nf4 39. Qa1 Be6 40. Qe1 Qc2 41. h3 Bxc4 42. Bxc4 Qxc4 43. Be3 Ng6 44. h4 Qxb5 45. h5 Ne7 46. Qh4 Qc6 47. Kh2 Qe6 48. f4 exf4 49. Bxf4 c4 50. e5 Nf5 51. Qg4+ Kh7 52. exf6 Qxf6 53. Bg5 Qe6 54. Bd8 Qd6+ 55. Kg1 Qc5+ 56. Kh2 Qe5+ 57. Kg1 b5 58. Ba5 Ng3 59. Qf3 Nf5 60. Bc3 Qe3+ 61. Qf2 Qxf2+ 62. Kxf2 Kh6 63. g4 Nd6 64. Ke3 Ne8 65. Ke4 Ng7 66. Bd2+ Kh7 67. Ke5 Ne8 68. g5 Ng7 69. Kf6 Kg8 70. h6 Ne8+ 71. Ke7 Nc7 72. Kd6 Ne6 73. g6 fxg6 74. Kxe6 Kh7 75. Kd5 c3 76. Bg5 b4 77. Kc4 b3 78. Kxb3 c2 79. Kxc2 Kg8 80. Kd3 Kh7 81. Ke4 Kg8 82. Ke5 Kf7 83. Kd6 Kg8 84. Ke7 Kh8 85. Kf6 Kh7 86. Kf7 Kh8 87. Kxg6 1-0

[Event "Canarias-ch U18"]
[Site "Vecindario"]
[Date "2016.05.28"]
[Round "2.5"]
[White "Sanabria Taskila, Daniel Kristia"]
[Black "Mendez Acosta, Alexander Jesus"]
[Result "0-1"]
[WhiteElo "1756"]
[BlackElo "1882"]
[PlyCount "62"]
[EventDate "2016.05.27"]
[EventType "swiss"]
[EventRounds "6"]
[EventCountry "ESP"]
[SourceTitle "EXT 2024"]
[Source "ChessBase"]
[SourceDate "2023.10.10"]
[SourceVersion "1"]
[SourceVersionDate "2023.10.10"]
[SourceQuality "1"]

1. e4 e6 2. d4 d5 3. Nc3 Bb4 4. e5 b6 5. Qg4 Bf8 6. f4 Nh6 7. Qd1 c5 8. Nf3 Nc6 9. Ne2 Ba6 10. c3 cxd4 11. Qa4 Bb7 12. Nexd4 Qd7 13. Bb5 Rc8 14. b4 Ng8 15. 0-0 Nge7 16. Bd2 a6 17. Bxc6 Nxc6 18. Qd1 a5 19. b5 Nxd4 20. Nxd4 Rc4 21. Qg4 g6 22. Rf3 Bc5 23. f5 gxf5 24. Qg7 Rf8 25. Bh6 Kd8 26. a4 Re8 27. Qxh7 Rxd4 28. Bg5+ Kc8 29. cxd4 Bxd4+ 30. Be3 Bxa1 31. Qg7 d4 0-1

[Event "Las Palmas Insular-chT Pref-B"]
[Site "Las Palmas"]
[Date "2016.02.06"]
[Round "11.4"]
[White "Sanabria Taskila, Daniel Kristia"]
[Black "Guerra Aleman, Marcial"]
[Result "1-0"]
[WhiteElo "1793"]
[BlackElo "1631"]
[PlyCount "23"]
[EventDate "2015.10.17"]
[EventType "team-tourn"]
[EventRounds "14"]
[EventCountry "ESP"]
[SourceTitle "EXT 2017"]
[Source "ChessBase"]
[SourceDate "2016.10.25"]
[SourceVersion "1"]
[SourceVersionDate "2016.10.25"]
[SourceQuality "1"]
[WhiteTeam "Telde Los Llanos"]
[BlackTeam "El Puerto de Santa Lucia"]
[WhiteTeamCountry "ESP"]
[BlackTeamCountry "ESP"]

1. d4 Nf6 2. c4 e6 3. g3 Bb4+ 4. Bd2 Qe7 5. Bg2 0-0 6. a3 Bxd2+ 7. Qxd2 d5 8. Nc3 dxc4 9. Nf3 Bd7 10. Ne5 Rd8 11. Bxb7 Bc6 12. Bxc6 1-0

[Event "Gran Canaria Larsen Memorial 1st"]
[Site "Gran Canaria"]
[Date "2015.09.21"]
[Round "6"]
[White "Sanabria Taskila, Daniel Kristia"]
[Black "Guerra Aleman, Marcial"]
[Result "1/2-1/2"]
[WhiteElo "1600"]
[BlackElo "1553"]
[PlyCount "47"]
[EventDate "2015.09.09"]
[EventType "swiss"]
[EventRounds "7"]
[EventCountry "ESP"]
[SourceTitle "EXT 2016"]
[Source "ChessBase"]
[SourceDate "2015.10.08"]
[SourceVersion "1"]
[SourceVersionDate "2015.10.08"]
[SourceQuality "1"]

1. e4 e6 2. d4 d5 3. Nc3 Nf6 4. e5 Nfd7 5. f4 c5 6. Nf3 Nc6 7. Be3 cxd4 8. Nxd4 Bb4 9. a3 Bxc3+ 10. bxc3 f6 11. Nxe6 Qe7 12. Nc7+ Kd8 13. Nxa8 fxe5 14. fxe5 Qxe5 15. Qd2 Nf6 16. 0-0-0 Bg4 17. Bf4 Qe7 18. Re1 Qxa3+ 19. Kb1 d4 20. Bc4 b5 21. Bb3 Bf5 22. Bg5 Qxb3+ 23. Kc1 Qa3+ 24. Kb1 1/2-1/2

[Event "Gran Canaria-ch U16"]
[Site "Gran Canaria"]
[Date "2015.03.04"]
[Round "4.2"]
[White "Rodriguez Mellado, Antonio"]
[Black "Sanabria Taskila, Daniel Kristia"]
[Result "1-0"]
[WhiteElo "1530"]
[BlackElo "1408"]
[PlyCount "91"]
[EventDate "2015.03.02"]
[EventType "swiss"]
[EventRounds "4"]
[EventCountry "ESP"]
[SourceTitle "EXT 2024"]
[Source "ChessBase"]
[SourceDate "2023.10.10"]
[SourceVersion "1"]
[SourceVersionDate "2023.10.10"]
[SourceQuality "1"]

1. e4 c6 2. d4 d5 3. exd5 cxd5 4. Bd3 Nc6 5. Nf3 Bg4 6. Nbd2 Nf6 7. c3 e6 8. 0-0 Bd6 9. Re1 0-0 10. Nf1 Qc7 11. Bg5 Nd7 12. Ng3 f6 13. Bd2 e5 14. dxe5 Ndxe5 15. Be2 Be6 16. Nd4 Nxd4 17. cxd4 Nc6 18. Bd3 Qd7 19. Qh5 g6 20. Bxg6 hxg6 21. Qxg6+ Kh8 22. Qh6+ Kg8 23. Nh5 Bf5 24. Nxf6+ Rxf6 25. Qxf6 Rf8 26. Qg5+ Kh8 27. Qh6+ Kg8 28. Bg5 Rf7 29. Bf6 Rh7 30. Qg5+ Kf7 31. g3 Nb4 32. Rad1 Be4 33. f3 Qh3 34. Rd2 Nd3 35. Ree2 Bxf3 36. Be7 Bxe2 37. Qf6+ Ke8 38. Qf8+ Kd7 39. Qd8+ Kc6 40. Qxd6+ Kb5 41. Qxd5+ Ka6 42. Qc4+ b5 43. Qc6+ Ka5 44. Bd8+ Kb4 45. Qc3+ Ka4 46. Qa3# 1-0

[Event "Gran Canaria-ch U16"]
[Site "Gran Canaria"]
[Date "2015.03.02"]
[Round "1.3"]
[White "Sanabria Taskila, Daniel Kristia"]
[Black "Donate Villalba, Juan Francisco"]
[Result "0-1"]
[WhiteElo "1408"]
[BlackElo "1293"]
[PlyCount "46"]
[EventDate "2015.03.02"]
[EventType "swiss"]
[EventRounds "4"]
[EventCountry "ESP"]
[SourceTitle "EXT 2024"]
[Source "ChessBase"]
[SourceDate "2023.10.10"]
[SourceVersion "1"]
[SourceVersionDate "2023.10.10"]
[SourceQuality "1"]

1. e4 e5 2. Nf3 Nc6 3. d4 exd4 4. Nxd4 Nge7 5. Bc4 d6 6. c3 Nxd4 7. cxd4 d5 8. exd5 Nxd5 9. 0-0 Be6 10. Re1 Be7 11. Qb3 Rb8 12. Nc3 c6 13. Na4 b5 14. Nc5 bxc4 15. Qg3 0-0 16. Nxe6 fxe6 17. Rxe6 Bh4 18. Bg5 Qxg5 19. Qxg5 Bxg5 20. Rxc6 Rxb2 21. Rxc4 Rfxf2 22. Rc8+ Kf7 23. Rf1 Be3 0-1

[Event "Las Palmas Insular-chT Pref-B"]
[Site "Las Palmas"]
[Date "2015.01.17"]
[Round "4.3"]
[White "Biscarri Candalia, Oscar"]
[Black "Sanabria Taskila, Daniel Kristia"]
[Result "0-1"]
[WhiteElo "1480"]
[BlackElo "1499"]
[PlyCount "84"]
[EventDate "2014.11.22"]
[EventType "team-tourn"]
[EventRounds "14"]
[EventCountry "ESP"]
[SourceTitle "EXT 2016"]
[Source "ChessBase"]
[SourceDate "2015.10.08"]
[SourceVersion "1"]
[SourceVersionDate "2015.10.08"]
[SourceQuality "1"]
[WhiteTeam "La Bagacera II"]
[BlackTeam "Los Llanos Telde"]
[WhiteTeamCountry "ESP"]
[BlackTeamCountry "ESP"]

1. d4 Nf6 2. c4 e6 3. g3 Bb4+ 4. Bd2 Qe7 5. Bg2 0-0 6. Nf3 Nc6 7. e3 Ne4 8. 0-0 f5 9. Qc2 Bxd2 10. Nfxd2 Nf6 11. a3 a5 12. Nc3 g5 13. Rad1 Nd8 14. Nf3 Nf7 15. d5 g4 16. Nh4 c6 17. Rd2 Nh8 18. Bh1 Ng6 19. Ng2 h5 20. Nf4 Ne5 21. d6 Qg7 22. c5 h4 23. a4 Nh7 24. Qb3 Ng5 25. Rc2 Qh6 26. Nce2 Ngf3+ 27. Bxf3 Nxf3+ 28. Kg2 Kh7 29. Nd4 e5 30. Nxf3 gxf3+ 31. Kxf3 exf4 32. exf4 Qh5+ 33. Kg2 h3+ 34. Kg1 Qf7 35. Qd3 b6 36. Re1 Ba6 37. Qe3 Rae8 38. Qe7 Rxe7 39. Rxe7 Qxe7 40. dxe7 Re8 41. cxb6 Rxe7 42. b7 Re1# 0-1

[Event "Canarias-ch U14"]
[Site "Costa Teguise"]
[Date "2014.04.25"]
[Round "4"]
[White "Sanabria Taskila, Daniel Kristia"]
[Black "Shi Zheng, Yuhang"]
[Result "0-1"]
[WhiteElo "1413"]
[BlackElo "1403"]
[PlyCount "42"]
[EventDate "2014.04.24"]
[EventType "swiss"]
[EventRounds "7"]
[EventCountry "ESP"]
[SourceTitle "EXT 2016"]
[Source "ChessBase"]
[SourceDate "2015.10.08"]
[SourceVersion "1"]
[SourceVersionDate "2015.10.08"]
[SourceQuality "1"]

1. e4 c5 2. Nf3 Nc6 3. d4 cxd4 4. Nxd4 Nf6 5. Nc3 d6 6. Be3 Ng4 7. Qd2 Nxe3 8. Qxe3 g6 9. f3 Bg7 10. Bc4 Nxd4 11. 0-0-0 Bd7 12. g4 0-0 13. h4 Qb6 14. Nd5 Qd8 15. h5 e6 16. Nc3 b5 17. Bb3 Qb6 18. Qd3 Nxb3+ 19. axb3 b4 20. Ne2 Bb5 21. Qd2 Qa6 0-1

[Event "Canarias-ch U14"]
[Site "Costa Teguise"]
[Date "2014.04.25"]
[Round "3"]
[White "Suarez Buceta, Melquiades"]
[Black "Sanabria Taskila, Daniel Kristia"]
[Result "1/2-1/2"]
[WhiteElo "1555"]
[BlackElo "1413"]
[PlyCount "79"]
[EventDate "2014.04.24"]
[EventType "swiss"]
[EventRounds "7"]
[EventCountry "ESP"]
[SourceTitle "EXT 2016"]
[Source "ChessBase"]
[SourceDate "2015.10.08"]
[SourceVersion "1"]
[SourceVersionDate "2015.10.08"]
[SourceQuality "1"]

1. c4 Nf6 2. d4 e6 3. Nc3 Bb4 4. Qc2 b6 5. Nf3 Bb7 6. a3 Bxc3+ 7. Qxc3 Ne4 8. Qc2 f5 9. e3 0-0 10. Be2 d6 11. 0-0 Nd7 12. Nd2 Qg5 13. Nf3 Qe7 14. b4 Rf6 15. Rb1 Rh6 16. c5 dxc5 17. bxc5 Nexc5 18. dxc5 Be4 19. Qb2 Bxb1 20. Qxb1 Nxc5 21. e4 Rh5 22. Ne5 Rh4 23. exf5 exf5 24. Bc4+ Kf8 25. Qxf5+ Qf6 26. Qxf6+ gxf6 27. f4 fxe5 28. fxe5+ Kg7 29. Ba2 Rf8 30. Rd1 Re4 31. e6 Nxe6 32. Bb2+ Kg8 33. Bd5 Re2 34. Bd4 c5 35. Ba1 Kf7 36. Bc4 Re4 37. Bd5 Ra4 38. Bb2 Ke7 39. Bc6 Raf4 40. Be5 1/2-1/2

[Event "Gran Canaria-ch U16"]
[Site "Gran Canaria"]
[Date "2014.03.26"]
[Round "4.2"]
[White "Sanabria Taskila, Daniel Kristia"]
[Black "Ramirez Maillo, Cristian"]
[Result "0-1"]
[WhiteElo "1200"]
[BlackElo "1306"]
[PlyCount "54"]
[EventDate "2014.03.21"]
[EventType "swiss"]
[EventRounds "4"]
[EventCountry "ESP"]
[SourceTitle "EXT 2024"]
[Source "ChessBase"]
[SourceDate "2023.10.10"]
[SourceVersion "1"]
[SourceVersionDate "2023.10.10"]
[SourceQuality "1"]

1. e4 c5 2. Nf3 d6 3. d4 cxd4 4. Nxd4 Nf6 5. Nc3 g6 6. Be3 Bg7 7. f3 0-0 8. Qd2 Nc6 9. Bc4 Bd7 10. g4 Rc8 11. Bb3 Ne5 12. 0-0-0 Nc4 13. Bxc4 Rxc4 14. h4 h5 15. gxh5 Nxh5 16. Nde2 b5 17. Bh6 Qa5 18. Bxg7 Kxg7 19. Rhg1 b4 20. Rg5 bxc3 21. Nxc3 Rc5 22. Qd4+ Kh7 23. Rgg1 Be6 24. Kb1 Rb8 25. Rd3 Nf4 26. Re3 Rc4 27. Qd2 Rxc3 0-1

[Event "Las Palmas op 34th"]
[Site "Las Palmas"]
[Date "2013.12.06"]
[Round "6"]
[White "Martin Perez, Francisco Javier"]
[Black "Sanabria Taskila, Daniel Kristia"]
[Result "1-0"]
[WhiteElo "2036"]
[BlackElo "1387"]
[PlyCount "119"]
[EventDate "2013.12.02"]
[EventType "swiss"]
[EventRounds "9"]
[EventCountry "ESP"]
[SourceTitle "CBM 157 Extra"]
[Source "ChessBase"]
[SourceDate "2013.12.19"]
[SourceVersion "1"]
[SourceVersionDate "2013.12.19"]
[SourceQuality "1"]

1. d4 Nf6 2. c4 e6 3. g3 Nc6 4. Bg2 Bb4+ 5. Bd2 d5 6. cxd5 Nxd5 7. Nf3 0-0 8. 0-0 h6 9. a3 Ba5 10. e3 Bxd2 11. Nbxd2 b6 12. Qa4 Bb7 13. Rac1 Qe8 14. Rc2 Na5 15. Qxe8 Rfxe8 16. b4 Nc6 17. Rfc1 Nce7 18. e4 Nf6 19. Rxc7 Rac8 20. Ne5 Rxc7 21. Rxc7 Ba8 22. Rxa7 Nc6 23. Nxc6 Bxc6 24. Rc7 Ba4 25. e5 Nd5 26. Ra7 Bb5 27. Be4 Rc8 28. Kg2 Nc3 29. Ra8 Rxa8 30. Bxa8 Kf8 31. f4 Ke7 32. Kf2 Kd7 33. Bf3 Bd3 34. Ke3 Bc2 35. Nc4 b5 36. Nd6 Ba4 37. Kd2 Nb1+ 38. Kc1 Nxa3 39. Kb2 Nc4+ 40. Nxc4 bxc4 41. Kc3 Bb5 42. Be2 Kc7 43. Bxc4 Bc6 44. b5 Be4 45. Kb4 Kb6 46. Bf1 Bf5 47. Bg2 f6 48. exf6 gxf6 49. h4 h5 50. Bc6 Bg4 51. Be8 Bf3 52. Kc3 Kc7 53. Kd3 Kd8 54. Ke3 Bg4 55. Bc6 Kc7 56. Bf3 Bxf3 57. Kxf3 f5 58. Ke3 Kb6 59. d5 Kxb5 60. Kd4 1-0

[Event "Las Palmas op 34th"]
[Site "Las Palmas"]
[Date "2013.12.05"]
[Round "4"]
[White "Monteiro Rodrigues, Carlos"]
[Black "Sanabria Taskila, Daniel Kristia"]
[Result "0-1"]
[WhiteElo "1543"]
[BlackElo "1387"]
[PlyCount "68"]
[EventDate "2013.12.02"]
[EventType "swiss"]
[EventRounds "9"]
[EventCountry "ESP"]
[SourceTitle "CBM 157 Extra"]
[Source "ChessBase"]
[SourceDate "2013.12.19"]
[SourceVersion "1"]
[SourceVersionDate "2013.12.19"]
[SourceQuality "1"]

1. e4 c6 2. Nc3 d5 3. Nf3 dxe4 4. Nxe4 Bf5 5. Ng3 Bg6 6. d4 Nd7 7. Bc4 Ngf6 8. Nh4 e6 9. Nxg6 hxg6 10. Bd2 Qb6 11. Bc3 0-0-0 12. Qe2 Bb4 13. a3 Bxc3+ 14. bxc3 Nd5 15. Qf3 Qb2 16. Kd2 Qb6 17. Ne4 N7f6 18. Nc5 Qc7 19. g3 Nb6 20. Bb3 e5 21. a4 exd4 22. c4 Nbd7 23. Nd3 Qa5+ 24. Ke2 Rhe8+ 25. Kf1 Ne5 26. Nxe5 Rxe5 27. Rd1 Rf5 28. Qg2 g5 29. Rd3 Re8 30. Rd1 Qe5 31. f3 Qe3 32. f4 gxf4 33. Qf2 f3 34. Rd2 Ng4 0-1

[Event "Las Palmas op 34th"]
[Site "Las Palmas"]
[Date "2013.12.04"]
[Round "3"]
[White "Sanabria Taskila, Daniel Kristia"]
[Black "Manchon Santana, Alberto"]
[Result "0-1"]
[WhiteElo "1387"]
[BlackElo "1623"]
[PlyCount "74"]
[EventDate "2013.12.02"]
[EventType "swiss"]
[EventRounds "9"]
[EventCountry "ESP"]
[SourceTitle "CBM 157 Extra"]
[Source "ChessBase"]
[SourceDate "2013.12.19"]
[SourceVersion "1"]
[SourceVersionDate "2013.12.19"]
[SourceQuality "1"]

1. c4 Nf6 2. Nc3 g6 3. d4 Bg7 4. e4 0-0 5. Nf3 c5 6. d5 d6 7. Be2 b5 8. cxb5 a6 9. 0-0 axb5 10. Bxb5 Ba6 11. Qc2 Qa5 12. a4 Nbd7 13. Bxa6 Rxa6 14. Bd2 Qb4 15. Rfe1 c4 16. Nb5 Qb3 17. Qxb3 cxb3 18. Nfd4 Nc5 19. Nc3 Rfa8 20. Ndb5 Ne8 21. Ra3 Rc8 22. a5 Nd3 23. Rb1 Nc5 24. Be3 Nf6 25. f3 Nfd7 26. Bd4 Bxd4+ 27. Nxd4 Ne5 28. Kf1 Nc4 29. Raa1 Nd2+ 30. Ke2 Nxb1 31. Nxb1 Nb7 32. Nc6 Kf8 33. Nc3 Nd8 34. Nb4 Raa8 35. a6 Rc4 36. Ra4 Rxc3 37. bxc3 b2 0-1